| 000 -LEADER |
| fixed length control field |
02772nam a2200625 i 4500 |
| 001 - CONTROL NUMBER |
| control field |
020375671 |
| 003 - CONTROL NUMBER IDENTIFIER |
| control field |
UkOxU |
| 005 - DATE AND TIME OF LATEST TRANSACTION |
| control field |
20230821112202.0 |
| 006 - FIXED-LENGTH DATA ELEMENTS--ADDITIONAL MATERIAL CHARACTERISTICS |
| fixed length control field |
g||| | |q v| |
| 006 - FIXED-LENGTH DATA ELEMENTS--ADDITIONAL MATERIAL CHARACTERISTICS |
| fixed length control field |
innnnj n |
| 006 - FIXED-LENGTH DATA ELEMENTS--ADDITIONAL MATERIAL CHARACTERISTICS |
| fixed length control field |
m jq | |
| 007 - PHYSICAL DESCRIPTION FIXED FIELD--GENERAL INFORMATION |
| fixed length control field |
vd cvaizu |
| 007 - PHYSICAL DESCRIPTION FIXED FIELD--GENERAL INFORMATION |
| fixed length control field |
sd fungnnmmned |
| 007 - PHYSICAL DESCRIPTION FIXED FIELD--GENERAL INFORMATION |
| fixed length control field |
co nga---uuuuu |
| 007 - PHYSICAL DESCRIPTION FIXED FIELD--GENERAL INFORMATION |
| fixed length control field |
cr ||||||||||| |
| 007 - PHYSICAL DESCRIPTION FIXED FIELD--GENERAL INFORMATION |
| fixed length control field |
ta |
| 008 - FIXED-LENGTH DATA ELEMENTS--GENERAL INFORMATION |
| fixed length control field |
150909s2015 enka 000 0 eng c |
| 020 ## - INTERNATIONAL STANDARD BOOK NUMBER |
| International Standard Book Number |
9781107467552 |
| Qualifying information |
Teacher's book |
| 040 ## - CATALOGING SOURCE |
| Original cataloging agency |
UkOxU |
| Language of cataloging |
eng |
| Description conventions |
rda |
| Transcribing agency |
UkOxU |
| Modifying agency |
KH8 |
| 042 ## - AUTHENTICATION CODE |
| Authentication code |
ukscp |
| 049 ## - LOCAL HOLDINGS (OCLC) |
| Holding library |
CROBAR |
| 082 ## - DEWEY DECIMAL CLASSIFICATION NUMBER |
| Classification number |
428.24 HOL |
| 100 1# - MAIN ENTRY--PERSONAL NAME |
| Personal name |
Holcombe, Garan, |
| Relator term |
author. |
| 245 10 - TITLE STATEMENT |
| Title |
Eyes open. |
| Number of part/section of a work |
2 : |
| Remainder of title |
Teacher's Book / |
| Statement of responsibility, etc. |
Garan Holcombe. |
| 264 #1 - PRODUCTION, PUBLICATION, DISTRIBUTION, MANUFACTURE, AND COPYRIGHT NOTICE |
| Place of production, publication, distribution, manufacture |
Cambridge, United Kingdom : |
| Name of producer, publisher, distributor, manufacturer |
Cambridge University Press, |
| Date of production, publication, distribution, manufacture, or copyright notice |
2015- |
| 264 #4 - PRODUCTION, PUBLICATION, DISTRIBUTION, MANUFACTURE, AND COPYRIGHT NOTICE |
| Date of production, publication, distribution, manufacture, or copyright notice |
©2015 |
| 300 ## - PHYSICAL DESCRIPTION |
| Extent |
3 volumes : |
| Other physical details |
illustrations (some colour) ; |
| Dimensions |
30 cm. |
| 336 ## - CONTENT TYPE |
| Content type term |
text |
| Source |
rdacontent |
| 336 ## - CONTENT TYPE |
| Content type term |
spoken word |
| Source |
rdacontent |
| 336 ## - CONTENT TYPE |
| Content type term |
two-dimensional moving image |
| Source |
rdacontent |
| 336 ## - CONTENT TYPE |
| Content type term |
computer program |
| Source |
rdacontent |
| 337 ## - MEDIA TYPE |
| Media type term |
unmediated |
| Source |
rdamedia |
| 337 ## - MEDIA TYPE |
| Media type term |
audio |
| Source |
rdamedia |
| 337 ## - MEDIA TYPE |
| Media type term |
video |
| Source |
rdamedia |
| 337 ## - MEDIA TYPE |
| Media type term |
computer |
| Source |
rdamedia |
| 338 ## - CARRIER TYPE |
| Carrier type term |
volume |
| Source |
rdacarrier |
| 338 ## - CARRIER TYPE |
| Carrier type term |
audio disc |
| Source |
rdacarrier |
| 338 ## - CARRIER TYPE |
| Carrier type term |
videodisc |
| Source |
rdacarrier |
| 338 ## - CARRIER TYPE |
| Carrier type term |
computer disc |
| Source |
rdacarrier |
| 338 ## - CARRIER TYPE |
| Carrier type term |
online resource |
| Source |
rdacarrier |
| 344 ## - SOUND CHARACTERISTICS |
| Type of recording |
digital |
| Recording medium |
optical |
| Source |
rda |
| 347 ## - DIGITAL FILE CHARACTERISTICS |
| File type |
text file |
| Source |
rda |
| 347 ## - DIGITAL FILE CHARACTERISTICS |
| File type |
audio file |
| Encoding format |
CD audio |
| Source |
rda |
| 347 ## - DIGITAL FILE CHARACTERISTICS |
| File type |
video file |
| Source |
rda |
| 347 ## - DIGITAL FILE CHARACTERISTICS |
| File type |
program file |
| Source |
rda |
| 440 ## - SERIES STATEMENT/ADDED ENTRY--TITLE |
| Title |
Eyes Open |
| Number of part/section of a work |
2 |
| 500 ## - GENERAL NOTE |
| General note |
Online resources available to registered users only. |
| 500 ## - GENERAL NOTE |
| General note |
"Discovery education." |
| 520 ## - SUMMARY, ETC. |
| Summary, etc. |
Captivating Discovery Education™ video and stimulating global topics spark curiosity and engage teenage learners. Developed in partnership with Discovery Education ™, Eyes Open features captivating Discovery Education™ video and stimulating global topics to motivate students and spark their curiosity. Four videos in every unit make learning relevant and create opportunities for deeper understanding. Guided, step-by-step activities and personalised learning tasks lead to greater speaking and writing fluency. Progress monitoring tools and flexible teaching support, including graded tests and extra practice activities, ensure every learner can achieve success. The Teacher's Book offers full support including lesson plans, audio scripts, answer keys, extra games and activities, tips for mixed ability classes and CEFR mapping by unit. |
| 521 ## - TARGET AUDIENCE NOTE |
| Target audience note |
Part 2 of a 4-level course for lower-secondary students. |
| 588 ## - SOURCE OF DESCRIPTION NOTE |
| Source of description note |
Description based on Teacher's book. |
| 650 #0 - SUBJECT ADDED ENTRY--TOPICAL TERM |
| Topical term or geographic name entry element |
English language |
| General subdivision |
Study and teaching (Secondary) |
| 710 2# - ADDED ENTRY--CORPORATE NAME |
| Corporate name or jurisdiction name as entry element |
Discovery Education (Firm) |
| 942 ## - ADDED ENTRY ELEMENTS (KOHA) |
| Source of classification or shelving scheme |
|
| Koha item type |
Teaching Resources |